LEADER 01005cam0-22003731i-450- 001 990003685780403321 005 20060131131650.0 010 $a88-359-4186-5 035 $a000368578 035 $aFED01000368578 035 $a(Aleph)000368578FED01 035 $a000368578 100 $a20030910d1997----km-y0itay50------ba 101 0 $aita 102 $aIT 105 $ay-------001yy 200 1 $aDa Smith con simpatia$emercato, capitalismo, stato sociale$fLuciano Barca 210 $aRoma$cEditori riuniti$d1997 215 $aXII, 132 p.$d22 cm 225 1 $aPrimo piano 676 $a330$v20$zita 676 $a330.15 700 1$aBarca,$bLuciano$f<1920- >$0121187 801 0$aIT$bUNINA$gRICA$2UNIMARC 901 $aBK 912 $a990003685780403321 952 $aSE 113.01.50-$b1644D$fDECSE 952 $aXI B 479$b30487$fFSPBC 952 $aXI G B 94$b1289$fDFD 959 $aDECSE 959 $aDFD 959 $aFSPBC 996 $aDa Smith con simpatia$9500207 997 $aUNINA LEADER 01733nam 2200373Ia 450 001 996387195703316 005 20200818221200.0 035 $a(CKB)4940000000085270 035 $a(EEBO)2240932658 035 $a(OCoLC)ocm33150754e 035 $a(OCoLC)33150754 035 $a(EXLCZ)994940000000085270 100 $a19950918d1603 uy | 101 0 $aeng 135 $aurbn||||a|bb| 200 10$aBy the King$b[electronic resource] $ewee haue by our late proclamation, published for the apprehension of one Anthony Copley, signified what griefe it was vnto vs, that any subiect of this realme,of how meane condition soeuer, should giue us iust cause to put in vse the power of our lawes for any offense against vs in matter of loyaltie 210 $aImprinted at London $cBy Robert Barker, Printer to the Kings most Excellent Maiestie$dAnno 1603 215 $a1 sheet ([1] p.) 300 $aOther title information from first 5 lines of text. 300 $aFor apprehension of Sir Griffin Markham and others, accused of treason. 300 $a"Giuen at our Honour of Hampton-court the sixteenth day of Iuly 1603. in the first yeere of our Reigne of England, France, and Ireland, and of Scotland the sixe and thirtieth." 300 $aReproduction of original in: Society of Antiquaries. 330 $aeebo-0147 606 $aConspiracies$zEngland$y17th century 607 $aGreat Britain$xHistory$yJames I, 1603-1625 608 $aBroadsides$zLondon (England)$y17th century.$2rbgenr 615 0$aConspiracies 701 $aJames$cKing of England,$f1566-1625.$01001019 801 2$bUMI 801 2$bWaOLN 906 $aBOOK 912 $a996387195703316 996 $aBy the King$92299281 997 $aUNISA LEADER 01065oam 2200337zu 450 001 996213501203316 005 20210807003534.0 035 $a(CKB)111055184251338 035 $a(SSID)ssj0000454371 035 $a(PQKBManifestationID)12129354 035 $a(PQKBTitleCode)TC0000454371 035 $a(PQKBWorkID)10397557 035 $a(PQKB)11723257 035 $a(EXLCZ)99111055184251338 100 $a20160829d2001 uy 101 0 $aeng 181 $ctxt 182 $cc 183 $acr 200 10$a2001 IEEE/ISPRS Workshop on Remote Sensing and Data Fusion over Urban Areas 210 31$a[Place of publication not identified]$cI E E E$d2001 300 $aBibliographic Level Mode of Issuance: Monograph 311 $a0-7803-7059-7 608 $aRemote-sensing maps.$2lcgft 712 02$aInstitute of Electrical and Electronics Engineers. 712 02$aInternational Society for Photogrammetry and Remote Sensing. 801 0$bPQKB 906 $aPROCEEDING 912 $a996213501203316 996 $a2001 IEEE$92509244 997 $aUNISA